| 000 | 00549nam a22001577a 4500 | ||
|---|---|---|---|
| 005 | 20260225092902.0 | ||
| 008 | 260225b |||||||| |||| 00| 0 eng d | ||
| 020 | _a978-178583351-9 | ||
| 100 | _aWARD, JACKIE | ||
| 245 |
_aON THE FRINGES _bPREVENTING EXCLUSION IN SCHOOLS THROUGH INCLUSIVE, CHILD CENTRED, NEEDS-BASED PRACTICE |
||
| 260 |
_aWALES _bCROWN HOUSE PUBLISHING _c2019 |
||
| 300 | _a155P. | ||
| 500 | _aINCLUDES INDEX | ||
| 650 | _a1. INCLUSIVE EDUCATION -GREAT BRITAIN 2. MAINISTREAMING IN EDUCATION - GREAT BRITAIN | ||
| 942 |
_2lcc _cBK |
||
| 999 |
_c216636 _d216636 |
||